Statistics for Countries that bordered Czechoslovakia in the 30's and 80's

Click here to take the quiz!

General Stats

  • This quiz has been taken 1,231 times
  • The average score is 8 of 8

Answers on the Map

Answers color-coded by a green-red scale on the quiz's map according to % correct below.
Loading ...
 

Answer Stats

Answer% Correct
Austria
99%
Germany
99%
Poland
99%
Hungary
98%
Soviet Union
96%
Romania
94%
East Germany
92%
West Germany
91%

Score Distribution

Percentile by Number Answered

Percent of People with Each Score

Your Score History

You have not taken this quiz